Statistiken für Harry Potter A-Z

Klicken Sie hier um das Quiz zu spielen!

Allgemein

  • Dieses Quiz wurde 3.295 mal gespielt
  • Das Durchschnittsergebnis liegt bei 8 aus 26

Antwortstatistiken

BeschreibungAntwort% Korrekt
AZauberergefängnisAskaban
98%
GHermineGranger
84%
HHogwarts-HausHufflepuff
78%
FArgusFilch
66%
OStellt Zauberstäbe herOllivander
64%
DZauberschuleDurmstrang
58%
PArt zu reisenPortsschlüssel
40%
JAngelinaJohnson
34%
LAmortentiaLiebestrank
32%
BZauberschuleBeauxbatons
29%
RWirtin in HogsmeadeRosmerta
28%
UWo Harry und Dudley im 5. Film den Dementoren begegnetenUnterführung
26%
QEhemaliger Lehrer für Muggelkunde und VgddKQuirinius Quirrell
25%
ESprengzauberExpulso
21%
IEiner der Peverell-BrüderIgnotus
20%
MVerkauft Umhänge in der WinkelgasseMadam Malkin
16%
XHerausgeber einer ZeitungXenophilius Lovegood
16%
NZauberergefängnis (Grindelwald)Nurmengard
14%
WBewachten den "Schatz" während der 2. Aufgabe des Trimagischen Turniers 1994/1995Wassermenschen
14%
VMaskottchen während der Quidditch-WM 1994Veela
12%
KSpiel der ZaubererweltKoboldstein
11%
TDas stiknt gewaltigTroll
10%
YTodesserYaxley
10%
CMagisches Tierwesen so ähnlich wie ein HundCrup
5%
SWas hört man bei Avada KedavraSIrren des nahenden Todes
4%
ZSüßigkeitZuckerfederkiel
1%

Verteilung der Resultate

Perzentil nach korrekt beantworteten Fragen

Anzahl Personen mit jedem Resultat

Ihre Resultats-Entwicklung

Sie haben dieses Quiz noch nicht gespielt